000 00642nam a2200229Ia 4500
003 OSt
005 20241022144121.0
008 210716s2019 xx 000 0 und d
020 _a9789389307368
040 _cAIMIT LIBRARY
041 _aeng
082 _a511.2
_23
_bSHAJ
100 _aSharma, J K.
_9182927
245 _aBusiness mathematics /
_cBy J K Sharma.
250 _a3rd ed.
260 _aNew Delhi :
_bWILEY ,
_c2019.
300 _axvii,726
_bPB
_c24.5 cm
650 _aLimits and continuity
_9182928
650 _aMaxima and minima
_9182929
650 _aPartial differentiation
_9182930
942 _2ddc
_cBK
_e3rd
_k511.2 SHAJ
999 _c211587
_d211587